[Event "Minsk Kupreichik Memorial op"]
[Site "Minsk"]
[Date "2018.06.21"]
[Round "3"]
[White "Fedotov, Konstantin"]
[Black "Notkin, Maksim"]
[Result "0-1"]
[WhiteElo "2017"]
[BlackElo "2449"]
[PlyCount "62"]
[EventDate "2018.06.21"]
[EventType "swiss (rapid)"]
[EventRounds "11"]
[EventCountry "BLR"]
[SourceTitle "CBM 185 Extra"]
[Source "ChessBase"]
[SourceDate "2018.07.29"]
[SourceVersion "1"]
[SourceVersionDate "2018.07.29"]
[SourceQuality "1"]

1. e4 e5 2. Bc4 Nf6 3. d4 exd4 4. Nf3 Nc6 5. 0-0 d6 6. Nxd4 Be7 7. Nc3 0-0 8. h3 a6 9. f4 Nxd4 10. Qxd4 b5 11. Be2 c5 12. Qe3 Bb7 13. Bf3 b4 14. Nd5 Nxd5 15. exd5 Bf6 16. c3 Re8 17. Qd3 a5 18. Rd1 Ba6 19. c4 Ra7 20. Rb1 Bd4+ 21. Kh2 Qf6 22. b3 Rae7 23. Qf1 Bc8 24. g4 h5 25. Kg3 Qg6 26. Qd3 Qxd3 27. Rxd3 Re1 28. gxh5 Bf5 29. Rxd4 cxd4 30. Ra1 Rg1+ 31. Kf2 Ree1 0-1

[Event "Jurmala Tal Memorial rapid"]
[Site "Jurmala"]
[Date "2017.03.04"]
[Round "5"]
[White "Fridman, Daniel"]
[Black "Notkin, Maksim"]
[Result "1-0"]
[WhiteElo "2598"]
[BlackElo "2465"]
[PlyCount "162"]
[EventDate "2017.03.04"]
[EventType "swiss (rapid)"]
[EventRounds "11"]
[EventCountry "LAT"]
[SourceTitle "CBM 177 Extra"]
[Source "ChessBase"]
[SourceDate "2017.04.27"]
[SourceVersion "1"]
[SourceVersionDate "2017.04.27"]
[SourceQuality "1"]

1. d4 Nf6 2. Nf3 e6 3. g3 c5 4. c4 cxd4 5. Nxd4 Nc6 6. Bg2 Bc5 7. Nb3 Be7 8. Nc3 0-0 9. 0-0 b6 10. Bf4 Bb7 11. Nb5 d5 12. Nc7 dxc4 13. Nxa8 Qxa8 14. Nd2 Rd8 15. Qe1 Nb4 16. Bxb7 Qxb7 17. Rc1 b5 18. a4 a6 19. axb5 axb5 20. Nf3 Nbd5 21. Bd2 Ne4 22. Ba5 Ra8 23. Ra1 b4 24. Nd2 Nxd2 25. Qxd2 Qb5 26. e4 c3 27. bxc3 Nxc3 28. Bc7 Rc8 29. Rfe1 h6 30. Bd6 Bg5 31. f4 Bd8 32. Be5 Bb6+ 33. Kg2 f6 34. Bxc3 bxc3 35. Qc2 Bd4 36. e5 Qd5+ 37. Kh3 fxe5 38. fxe5 Bxe5 39. Re2 Bf6 40. Rae1 Qh5+ 41. Kg2 Qd5+ 42. Kh3 Rc4 43. Re4 Rc6 44. Rd1 Qf5+ 45. Kg2 h5 46. Qe2 Rb6 47. Rc1 Rb2 48. Rc2 Qd5 49. Kh3 Qf5+ 50. Kg2 Qd5 51. Kh3 Qf5+ 52. Kg2 Qd5 53. Kh3 Rxc2 54. Qxc2 Qd2 55. Re2 Qd4 56. Qe4 Qxe4 57. Rxe4 Kf7 58. Kg2 Ke7 59. Kf3 Kd6 60. Ke2 Kd5 61. Ra4 Ke5 62. Ra5+ Ke4 63. Rxh5 Bd4 64. Rh4+ Kd5 65. Kd3 Bf6 66. Rh5+ Kd6 67. Ra5 Ke7 68. Rc5 Kf7 69. Rc4 Kg6 70. Ke4 Kf7 71. Rc6 Ke7 72. h4 Kd7 73. Rc4 Ke7 74. h5 Kf7 75. Rc8 Ke7 76. g4 Kf7 77. Rc6 Ke7 78. Kf4 Bd4 79. g5 Kf7 80. Ke4 Bf2 81. Rxc3 Bh4 1-0

[Event "ACP Blitz Prelim2"]
[Site "Playchess.com INT"]
[Date "2004.04.13"]
[Round "14"]
[White "Notkin, Maksim"]
[Black "Zhukova, Natalia"]
[Result "1-0"]
[WhiteElo "2471"]
[BlackElo "2471"]
[PlyCount "129"]
[EventDate "2004.04.13"]
[EventType "tourn (blitz)"]
[EventRounds "17"]
[EventCountry "GER"]
[EventCategory "12"]
[SourceTitle "CBM 099 Extra"]
[Source "ChessBase"]
[SourceDate "2004.05.04"]
[SourceVersion "1"]
[SourceVersionDate "2004.05.04"]
[SourceQuality "1"]

1. d4 d5 2. c4 c6 3. Nc3 Nf6 4. Nf3 dxc4 5. a4 Bf5 6. Ne5 Nbd7 7. Nxc4 Qc7 8. g3 e5 9. dxe5 Nxe5 10. Bf4 Nfd7 11. Bg2 g5 12. Ne3 gxf4 13. Nxf5 0-0-0 14. 0-0 Bc5 15. Qc2 fxg3 16. hxg3 h5 17. Ne4 Bb4 18. a5 a6 19. Ra4 Bxa5 20. Ned6+ Kb8 21. Rfa1 Bb6 22. Rb4 h4 23. gxh4 Ng4 24. Rxg4 Ne5 25. Rb4 Rdg8 26. Kf1 Ng4 27. e3 Nh2+ 28. Ke2 Rxg2 29. Qb3 Ka7 30. Qc3 Rhg8 31. Qe5 Ng4 32. Rxg4 R2xg4 33. Ne7 Rd8 34. Rd1 Rxh4 35. Qf6 Rhh8 36. Nef5 Bc5 37. Qe5 Qb6 38. Nc4 Qb5 39. Rc1 Rh5 40. Qe4 Rd5 41. Ng3 Rhg5 42. Qc2 f5 43. b3 f4 44. exf4 Rg8 45. Kf3 Re8 46. Ne4 Red8 47. Ne3 Rd3 48. Qxc5+ Qxc5 49. Nxc5 Rd2 50. f5 b6 51. Ne6 R8d6 52. Nf4 Kb7 53. Rh1 Rb2 54. Rh7+ Kc8 55. Ne6 Rxb3 56. Ke4 Rb4+ 57. Ke5 Rd7 58. f6 Rxh7 59. Ng5 Rb5+ 60. Kf4 Rh4+ 61. Ng4 Rh8 62. f7 Kd7 63. Ne5+ Ke7 64. Ng6+ Kd6 65. Nxh8 1-0

[Event "Moscow-ch 1/2 final"]
[Site "Moscow"]
[Date "2002.??.??"]
[Round "11"]
[White "Dobrotin, Aleksandr E"]
[Black "Notkin, Maksim"]
[Result "0-1"]
[WhiteElo "2164"]
[BlackElo "2478"]
[PlyCount "48"]
[EventDate "2002.03.??"]
[EventType "swiss"]
[EventRounds "11"]
[EventCountry "RUS"]
[SourceTitle "EXT 2003"]
[Source "ChessBase"]
[SourceDate "2002.11.25"]
[SourceVersion "1"]
[SourceVersionDate "2002.11.25"]
[SourceQuality "1"]

1. e4 e5 2. Nf3 Nc6 3. Bb5 a6 4. Ba4 Nf6 5. 0-0 Be7 6. Re1 b5 7. Bb3 d6 8. c3 0-0 9. d4 Bg4 10. Bd5 Nxd5 11. exd5 Nb8 12. dxe5 dxe5 13. h3 Bxf3 14. Qxf3 Bd6 15. b3 Nd7 16. c4 bxc4 17. bxc4 f5 18. Bb2 Rb8 19. Bc3 Qh4 20. Nd2 e4 21. Qe3 Rbe8 22. f3 Bc5 23. Bd4 exf3 24. Qxe8 Bxd4+ 0-1

[Event "Moscow-ch 1/2 final"]
[Site "Moscow"]
[Date "2002.??.??"]
[Round "9"]
[White "Notkin, Maksim"]
[Black "Chudinovskih, Alexander N"]
[Result "0-1"]
[WhiteElo "2478"]
[BlackElo "2316"]
[PlyCount "78"]
[EventDate "2002.03.??"]
[EventType "swiss"]
[EventRounds "11"]
[EventCountry "RUS"]
[SourceTitle "EXT 2003"]
[Source "ChessBase"]
[SourceDate "2002.11.25"]
[SourceVersion "1"]
[SourceVersionDate "2002.11.25"]
[SourceQuality "1"]

1. d4 Nf6 2. c4 e6 3. Nf3 c5 4. d5 exd5 5. cxd5 d6 6. Nc3 g6 7. h3 Bg7 8. e4 0-0 9. Bd3 Re8 10. 0-0 c4 11. Bc2 b5 12. Nxb5 Nxe4 13. Bxe4 Rxe4 14. Nd2 Rh4 15. Re1 Bxh3 16. Nf3 Rh5 17. gxh3 Qd7 18. Ng5 Qxb5 19. Qg4 Nd7 20. a4 Qa5 21. Rd1 Ne5 22. Qg2 Re8 23. Bd2 Qxd2 24. Rxd2 Rxg5 25. Qxg5 Nf3+ 26. Kg2 Nxg5 27. Rc1 Rc8 28. f3 f5 29. Rdc2 Rb8 30. Rxc4 Rxb2+ 31. R1c2 Rxc2+ 32. Rxc2 Bd4 33. Rc7 f4 34. a5 Nf7 35. Kf1 Kg7 36. Ke2 Kf6 37. Kd3 Be3 38. h4 h5 39. Ke2 Nh6 0-1

[Event "RUS-Cup"]
[Site "Minsk"]
[Date "2001.??.??"]
[Round "6"]
[White "Toldaev, Sergei"]
[Black "Notkin, Maksim"]
[Result "1/2-1/2"]
[WhiteElo "2329"]
[BlackElo "2478"]
[PlyCount "83"]
[EventDate "2001.??.??"]
[EventType "swiss"]
[EventRounds "9"]
[EventCountry "BLR"]
[SourceTitle "EXT 2002"]
[Source "ChessBase"]
[SourceDate "2001.11.25"]
[SourceVersion "1"]
[SourceVersionDate "2001.11.25"]
[SourceQuality "1"]

1. c4 Nf6 2. Nc3 c5 3. g3 e6 4. Nf3 b6 5. Bg2 Bb7 6. 0-0 Be7 7. b3 d6 8. e3 a6 9. d4 cxd4 10. exd4 0-0 11. d5 e5 12. a4 Ne8 13. Ne1 Nd7 14. Be3 a5 15. f4 exf4 16. gxf4 Bf6 17. Qc2 Nc5 18. Nf3 Bc8 19. Nd4 Bg4 20. f5 Nc7 21. Ne4 Nxe4 22. Qxe4 Re8 23. Qf4 h6 24. Bf2 Bh5 25. Nc6 Qd7 26. Rab1 Na6 27. Bxb6 Bg5 28. Qg3 Nc5 29. Bxc5 dxc5 30. Ne5 Qd6 31. Rbe1 Bf6 32. Nc6 Qd7 33. Qh3 Rxe1 34. Rxe1 Re8 35. Rxe8+ Qxe8 36. Qxh5 Qe3+ 37. Kf1 Qc1+ 38. Kf2 Qc2+ 39. Qe2 Bh4+ 40. Ke3 Bg5+ 41. Kf2 Bh4+ 42. Ke3 1/2-1/2

[Event "Bolivar por la Paz op"]
[Site "Cartagena"]
[Date "2000.07.02"]
[Round "7"]
[White "Notkin, Maksim"]
[Black "Araque, Rafael"]
[Result "1/2-1/2"]
[WhiteElo "2481"]
[BlackElo "2309"]
[PlyCount "49"]
[EventDate "2000.06.29"]
[EventType "swiss"]
[EventRounds "9"]
[EventCountry "COL"]
[SourceTitle "EXT 2001"]
[Source "ChessBase"]
[SourceDate "2000.11.22"]
[SourceVersion "1"]
[SourceVersionDate "2000.11.22"]
[SourceQuality "1"]

1. d4 d5 2. c4 c6 3. Nc3 Nf6 4. Nf3 dxc4 5. a4 Bg4 6. Ne5 Bh5 7. f3 Nfd7 8. Nxc4 e5 9. Ne4 Bb4+ 10. Bd2 Qe7 11. Bxb4 Qxb4+ 12. Qd2 Qxd2+ 13. Kxd2 exd4 14. Ned6+ Ke7 15. Nf5+ Kd8 16. Nxd4 Na6 17. e4 Kc7 18. Be2 Rad8 19. Kc3 Rhe8 20. Rhd1 Bg6 21. Rd2 Nf6 22. Nb3 Rxd2 23. Nbxd2 Nd5+ 24. Kb3 f5 25. e5 1/2-1/2

[Event "Bolivar por la Paz op"]
[Site "Cartagena"]
[Date "2000.07.01"]
[Round "4"]
[White "Notkin, Maksim"]
[Black "Espinosa, Julio Manuel"]
[Result "1/2-1/2"]
[WhiteElo "2481"]
[BlackElo "2290"]
[PlyCount "51"]
[EventDate "2000.06.29"]
[EventType "swiss"]
[EventRounds "9"]
[EventCountry "COL"]
[SourceTitle "EXT 2001"]
[Source "ChessBase"]
[SourceDate "2000.11.22"]
[SourceVersion "1"]
[SourceVersionDate "2000.11.22"]
[SourceQuality "1"]

1. d4 d6 2. Nf3 Nf6 3. c4 g6 4. Nc3 Bg7 5. e4 0-0 6. Be2 e5 7. Be3 exd4 8. Nxd4 Nc6 9. 0-0 Re8 10. f3 a6 11. Qd2 Ne5 12. Rfd1 c5 13. Nc2 Be6 14. Na3 Qb6 15. Rab1 Rad8 16. Kh1 Qb4 17. Nc2 Qa5 18. b4 cxb4 19. Rxb4 Nfd7 20. Nd5 Bxd5 21. cxd5 Rc8 22. Nd4 Nc5 23. Nb3 Nxb3 24. Rxb3 Qxd2 25. Bxd2 b5 26. Ra3 1/2-1/2

[Event "Moscow-ch"]
[Site "Moscow"]
[Date "1999.??.??"]
[Round "9"]
[White "Frog, Ilya"]
[Black "Notkin, Maksim"]
[Result "1/2-1/2"]
[WhiteElo "2415"]
[BlackElo "2478"]
[PlyCount "107"]
[EventDate "1999.??.??"]
[EventType "swiss"]
[EventRounds "9"]
[EventCountry "RUS"]
[SourceTitle "EXT 2001"]
[Source "ChessBase"]
[SourceDate "2000.11.22"]
[SourceVersion "1"]
[SourceVersionDate "2000.11.22"]
[SourceQuality "1"]

1. Nf3 Nf6 2. b3 e6 3. g3 b6 4. Bg2 Bb7 5. 0-0 c5 6. c4 Be7 7. Bb2 0-0 8. e3 d6 9. Nc3 a6 10. d4 cxd4 11. Nxd4 Bxg2 12. Kxg2 Qc7 13. Qf3 Ra7 14. Rac1 Rc8 15. Rfd1 Qd8 16. Ne4 Ne8 17. a4 Rac7 18. Ne2 Nd7 19. Nf4 Nc5 20. Nxc5 bxc5 21. e4 Qd7 22. e5 Qc6 23. Rd3 Qxf3+ 24. Kxf3 Rb7 25. exd6 Bxd6 26. Rcd1 Rcb8 27. Rxd6 Rxb3+ 28. R6d3 Rxb2 29. Rd8 Kf8 30. Rxb8 Rxb8 31. Nd3 Rb3 32. Kg2 Rc3 33. Ne5 f6 34. Nd7+ Kg8 35. Nxc5 Rxc4 36. Nxa6 Rxa4 37. Nc5 Ra7 38. Nxe6 Re7 39. Nf4 Kf7 40. h4 Nc7 41. Rd6 Ne8 42. Ra6 Nc7 43. Rb6 Ne6 44. Nd5 Rd7 45. Ne3 Nd4 46. h5 Ne6 47. Nf5 Nd4 48. Nd6+ Ke7 49. Ne4 Ne6 50. Kh3 f5 51. Rxe6+ Kxe6 52. Nc5+ Kd6 53. Nxd7 Kxd7 54. Kh4 1/2-1/2

[Event "Moscow-ch"]
[Site "Moscow"]
[Date "1999.??.??"]
[Round "8"]
[White "Notkin, Maksim"]
[Black "Vorobiov, Evgeny E"]
[Result "0-1"]
[WhiteElo "2478"]
[BlackElo "2477"]
[PlyCount "94"]
[EventDate "1999.??.??"]
[EventType "swiss"]
[EventRounds "9"]
[EventCountry "RUS"]
[SourceTitle "EXT 2001"]
[Source "ChessBase"]
[SourceDate "2000.11.22"]
[SourceVersion "1"]
[SourceVersionDate "2000.11.22"]
[SourceQuality "1"]

1. d4 Nf6 2. c4 g6 3. Nc3 d5 4. Nf3 Bg7 5. cxd5 Nxd5 6. e4 Nxc3 7. bxc3 c5 8. Rb1 0-0 9. Be2 cxd4 10. cxd4 Qa5+ 11. Bd2 Qxa2 12. 0-0 a5 13. Bg5 a4 14. Re1 Bd7 15. Bd3 Nc6 16. Re2 Qa3 17. Bc1 Qd6 18. e5 Qc7 19. Be4 Bg4 20. Reb2 Rfb8 21. Rb6 Bxf3 22. gxf3 a3 23. Bxa3 Rxa3 24. Bxc6 Rd8 25. Qc1 Ra1 26. Rxb7 Rxb1 27. Rxb1 Rc8 28. d5 Bxe5 29. Qh6 Bd4 30. Qh4 Qe5 31. Qe4 Qf6 32. Qg4 Rd8 33. Kg2 Kg7 34. Qe4 Qg5+ 35. Kf1 Be5 36. h3 h5 37. Re1 Bd6 38. Rb1 Bc5 39. Qc2 Bd6 40. Qe4 Kg8 41. Rb5 Qc1+ 42. Kg2 Qc3 43. Qe3 Qa1 44. Qe4 Rc8 45. Rb1 Qf6 46. Rb5 Qg5+ 47. Kf1 Rxc6 0-1

[Event "RUS-chT 05th"]
[Site "Maikop"]
[Date "1998.06.10"]
[Round "8"]
[White "Notkin, Maksim"]
[Black "Dmitriev, Igor"]
[Result "1/2-1/2"]
[WhiteElo "2505"]
[BlackElo "2405"]
[PlyCount "95"]
[EventDate "1998.06.03"]
[EventType "team-tourn"]
[EventRounds "11"]
[EventCountry "RUS"]
[SourceTitle "EXT 2020"]
[Source "ChessBase"]
[SourceDate "2019.10.17"]
[SourceVersion "1"]
[SourceVersionDate "2019.10.17"]
[SourceQuality "1"]
[WhiteTeam "Moscow Apiko Yakimanka"]
[BlackTeam "Saratov GShK"]
[WhiteTeamCountry "RUS"]
[BlackTeamCountry "RUS"]

1. d4 Nc6 2. c4 e5 3. d5 Nce7 4. Nf3 Ng6 5. h4 Bb4+ 6. Nc3 Bxc3+ 7. bxc3 d6 8. c5 h6 9. Ba3 Nf6 10. h5 Ne7 11. e4 0-0 12. Nd2 b6 13. cxd6 cxd6 14. f3 Qc7 15. Nc4 Rd8 16. Rc1 b5 17. Ne3 Rb8 18. Qd2 a5 19. Be2 Bd7 20. g4 Nh7 21. Kf1 Ng5 22. Kg2 Kh7 23. Bd3 Kh8 24. Qe2 Rb7 25. Rc2 Rdb8 26. Rb1 Ng8 27. Bc1 Nf6 28. Nf1 Nfh7 29. Be3 Kg8 30. Ng3 Kh8 31. Nh1 Nf6 32. Nf2 Kg8 33. Bd2 Qc5 34. Be3 Qc8 35. Kg3 Rc7 36. Rbc1 Be8 37. Qd2 Nfh7 38. Qd1 Nf8 39. Qd2 Qd8 40. Qe2 Qf6 41. Kg2 Nfh7 42. Nh1 Bd7 43. Ng3 Qd8 44. Qf2 Rcb7 45. Rb1 Qc7 46. Bd2 Nf6 47. Qe2 Qc5 48. Be3 1/2-1/2

[Event "RUS-chT 05th"]
[Site "Maikop"]
[Date "1998.06.03"]
[Round "1"]
[White "Notkin, Maksim"]
[Black "Galkin, Alexander"]
[Result "1/2-1/2"]
[WhiteElo "2505"]
[BlackElo "2565"]
[PlyCount "43"]
[EventDate "1998.06.03"]
[EventType "team-tourn"]
[EventRounds "11"]
[EventCountry "RUS"]
[SourceTitle "CBM 066"]
[Source "ChessBase"]
[SourceDate "1998.09.30"]
[SourceVersion "1"]
[SourceVersionDate "1998.09.30"]
[SourceQuality "1"]
[WhiteTeam "Moscow Apiko Yakimanka"]
[BlackTeam "Maykop Universitet"]
[WhiteTeamCountry "RUS"]
[BlackTeamCountry "RUS"]

1. d4 d5 2. c4 c6 3. Nc3 Nf6 4. Nf3 e6 5. Bg5 h6 6. Bh4 dxc4 7. e4 g5 8. Bg3 b5 9. Be2 Bb7 10. h4 g4 11. Ne5 h5 12. 0-0 Nbd7 13. Qc2 Nxe5 14. Bxe5 Rg8 15. Rad1 Nd7 16. Bg3 Qb6 17. b3 cxb3 18. axb3 Bb4 19. Na2 Be7 20. Nc3 Bb4 21. Na2 Be7 22. Nc3 1/2-1/2

[Event "Minsk Zepter op"]
[Site "Minsk"]
[Date "1998.05.03"]
[Round "9"]
[White "Burmakin, Vladimir"]
[Black "Notkin, Maksim"]
[Result "1-0"]
[WhiteElo "2550"]
[BlackElo "2505"]
[PlyCount "79"]
[EventDate "1998.04.25"]
[EventType "swiss"]
[EventRounds "9"]
[EventCountry "BLR"]
[SourceTitle "CBM 064 Extra"]
[Source "ChessBase"]
[SourceDate "1998.07.07"]
[SourceVersion "1"]
[SourceVersionDate "1998.07.07"]
[SourceQuality "1"]

1. d4 Nf6 2. c4 c5 3. d5 e6 4. Nc3 exd5 5. cxd5 d6 6. e4 g6 7. Bb5+ Bd7 8. a4 Bg7 9. Nf3 0-0 10. 0-0 a6 11. Be2 Bg4 12. h3 Bxf3 13. Bxf3 Nbd7 14. Bf4 Qe7 15. Re1 Rab8 16. Be2 Rfc8 17. a5 h6 18. Be3 Ne8 19. f4 b5 20. axb6 Rxb6 21. Qd2 Rcb8 22. Ra2 Bd4 23. Kh2 Ng7 24. Bf3 g5 25. Kh1 gxf4 26. Bxf4 Ne5 27. Be2 Qh4 28. Rf1 Ng6 29. Bxh6 Be5 30. Be3 Qg3 31. Bg1 Nf4 32. Bg4 Ngh5 33. Bh2 f5 34. Bxh5 Nxh5 35. Bxg3 Nxg3+ 36. Kg1 Bd4+ 37. Rf2 R8b7 38. Qg5+ Rg7 39. Qd8+ Kh7 40. Qxb6 1-0

[Event "YUG-chT"]
[Site "Vrnjacka Banja"]
[Date "1998.??.??"]
[Round "11"]
[White "Martinovic, Slobodan"]
[Black "Notkin, Maksim"]
[Result "1/2-1/2"]
[WhiteElo "2470"]
[BlackElo "2505"]
[PlyCount "101"]
[EventDate "1998.08.??"]
[EventType "team"]
[EventRounds "11"]
[EventCountry "YUG"]
[SourceTitle "EXT 2002"]
[Source "ChessBase"]
[SourceDate "2001.11.25"]
[SourceVersion "1"]
[SourceVersionDate "2001.11.25"]
[SourceQuality "1"]

1. e4 e5 2. Nf3 Nc6 3. Bb5 a6 4. Ba4 Nf6 5. 0-0 Be7 6. Re1 b5 7. Bb3 0-0 8. h3 d6 9. c3 Na5 10. Bc2 c5 11. d4 Qc7 12. Nbd2 Rd8 13. d5 Bd7 14. Nf1 Nc4 15. Qe2 Rdc8 16. Ng3 g6 17. Bd3 Nb6 18. Nh2 c4 19. Bc2 Na4 20. Rb1 Nc5 21. Bd2 Bf8 22. Bg5 Bg7 23. Qd2 h5 24. Nf3 Nh7 25. Be3 Re8 26. b3 cxb3 27. axb3 a5 28. Rec1 Reb8 29. b4 Na4 30. Bd3 Nb6 31. bxa5 Nc4 32. Bxc4 Qxc4 33. Rb4 Qc8 34. Bb6 Qf8 35. Rc2 Bh6 36. Qe2 Nf6 37. c4 bxc4 38. Rcxc4 Bc8 39. Bc7 Rxb4 40. Rxb4 Ba6 41. Qb2 Nd7 42. Bb6 Rc8 43. Qa3 Bf4 44. Be3 Qh6 45. Rb3 h4 46. Nf1 Nc5 47. Bxc5 Rxc5 48. Rc3 Qf8 49. Rxc5 dxc5 50. Ne3 Qb8 51. Qc1 1/2-1/2

[Event "RUS-Cup02"]
[Site "Moscow"]
[Date "1998.??.??"]
[Round "4"]
[White "Notkin, Maksim"]
[Black "Korneev, Oleg"]
[Result "1/2-1/2"]
[WhiteElo "2505"]
[BlackElo "2560"]
[PlyCount "94"]
[EventDate "1998.01.21"]
[EventType "swiss"]
[EventRounds "9"]
[EventCountry "RUS"]
[SourceTitle "CBM 063"]
[Source "ChessBase"]
[SourceDate "1998.03.26"]
[SourceVersion "1"]
[SourceVersionDate "1998.03.26"]
[SourceQuality "1"]

1. d4 d5 2. c4 e6 3. Nc3 Be7 4. Nf3 Nf6 5. Bg5 h6 6. Bh4 0-0 7. e3 Ne4 8. Bxe7 Qxe7 9. Rc1 c6 10. Bd3 Nxc3 11. Rxc3 Nd7 12. Bb1 dxc4 13. Rxc4 e5 14. Qc2 f5 15. dxe5 Nxe5 16. Nxe5 Qxe5 17. Rd4 Be6 18. 0-0 Kh8 19. Rfd1 Bd5 20. Qc3 Rae8 21. Bc2 a6 22. h3 Re7 23. Bb3 Bxb3 24. axb3 Kh7 25. g3 Rf6 26. b4 Rg6 27. Kg2 Rge6 28. Qd3 Qb5 29. g4 Qxd3 30. R1xd3 Re5 31. gxf5 Rxf5 32. f4 g5 33. Rd7 Rff7 34. Rxe7 Rxe7 35. Kf3 gxf4 36. exf4 Kg7 37. Rd6 Re1 38. Rd7+ Kf6 39. Rxb7 Rb1 40. Rb6 Rxb2 41. Rxc6+ Kf5 42. Rc5+ Kf6 43. Kg4 Rxb4 44. Rc6+ Kg7 45. Rxa6 Rb5 46. Re6 h5+ 47. Kh4 Rb3 1/2-1/2